000 00771nam a2200253Ia 4500
003 OSt
005 20221006160911.0
006 a|||||r|||| 00| 0
007 ta
008 221006b |||||||| |||| 00| 0 eng d
020 _a9780674066823
024 _a46,777
037 _cTextual
040 _aEASL
_cEASL
_beng
041 _2eng
_aeng
082 _aV42:3(Y:342).N12, Q4
100 _aHIRAI Atsuko
_9675400
245 0 _aGovernment By Mourning
_b Death and Political Integration in Japan 1603-1912.
260 _aCambridge
_bHarvard University Asia Center U.S.A
_c2014
300 _a433p.
_ccm.
490 _v JEL
_aHarvard East Asian Monographs 347
942 _hV42:3(Y:342).N12, Q4
_cTEXL
_2CC
999 _c1114866
_d1114866